[Event "IECC CL3-1999.39"]
[Site "IECC email"]
[Date "1999.10.01"]
[Round "?"]
[White "Mercier, Thierry"]
[Black "Cousins, Eddie"]
[Result "1-0"]
[WhiteElo "1850"]
[BlackElo "2017"]
[PlyCount "107"]
[EventDate "1999.??.??"]
[EventType "tourn (corr)"]
[EventRounds "4"]
[SourceTitle "Corr 2008"]
[Source "ChessBase"]
[SourceDate "2008.06.24"]
[SourceVersion "1"]
[SourceVersionDate "2008.06.24"]
[SourceQuality "1"]

1. Nc3 Nf6 2. e4 d5 3. e5 Ne4 4. Nce2 d4 5. Nf3 Nc6 6. c3 dxc3 7. bxc3 Bg4 8. d4 e6 9. h3 Bxf3 10. gxf3 Nxc3 11. Nxc3 Qxd4 12. Qxd4 Nxd4 13. Rb1 Nxf3+ 14. Ke2 Nd4+ 15. Kd1 0-0-0 16. Bg2 c6 17. Bd2 Be7 18. Be4 f5 19. exf6 gxf6 20. Rg1 f5 21. Rg7 Rd7 22. Bd3 Nf3 23. Ke2 Nxd2 24. Kxd2 Rhd8 25. Kc2 Rxd3 26. Rxe7 Rd2+ 27. Kc1 R8d7 28. Rxh7 Rxh7 29. Kxd2 Rxh3 30. f4 Kc7 31. Rg1 Rh7 32. Rg6 Kd6 33. Rg3 b5 34. Rd3+ Kc7 35. Ne2 c5 36. Ra3 Kb6 37. Re3 Rh6 38. Nc1 Kc6 39. Nb3 a6 40. Re5 Rh2+ 41. Ke3 Rh3+ 42. Kf2 c4 43. Rxe6+ Kd5 44. Re5+ Kd6 45. Nc5 Ra3 46. Rxf5 Rxa2+ 47. Ke3 b4 48. Ne4+ Ke7 49. Re5+ Kf8 50. Rc5 c3 51. f5 Ra1 52. f6 Kf7 53. Ke2 Ra2+ 54. Kf3 1-0

[Event "IECC CL3-1999.23"]
[Site "IECC email"]
[Date "1999.05.26"]
[Round "?"]
[White "Hanegby, Avigdor"]
[Black "Mercier, Thierry"]
[Result "0-1"]
[WhiteElo "1983"]
[BlackElo "1781"]
[PlyCount "50"]
[EventDate "1999.??.??"]
[EventType "tourn (corr)"]
[EventRounds "4"]
[SourceTitle "Corr 2008"]
[Source "ChessBase"]
[SourceDate "2008.06.24"]
[SourceVersion "1"]
[SourceVersionDate "2008.06.24"]
[SourceQuality "1"]

1. f4 d6 2. Nf3 g6 3. e3 Nf6 4. b3 Bg7 5. Bb2 0-0 6. Be2 c5 7. 0-0 Nc6 8. Qe1 Bf5 9. Na3 d5 10. Qh4 Qa5 11. c4 d4 12. exd4 Ne4 13. Nb5 cxd4 14. g4 Bf6 15. Qe1 Bxg4 16. Nfxd4 Bh3 17. Rf3 Bf5 18. Re3 Rad8 19. Nxf5 Bxb2 20. Rb1 Qxa2 21. Nxe7+ Nxe7 22. Rxe4 Nf5 23. Bg4 Nd6 24. Nxd6 Rxd6 25. Kh1 f5 0-1

[Event "IECC CL4-1999.03"]
[Site "IECC email"]
[Date "1998.11.27"]
[Round "?"]
[White "Mercier, Thierry"]
[Black "Gabriel, Robert A"]
[Result "1-0"]
[WhiteElo "1740"]
[BlackElo "1695"]
[PlyCount "98"]
[EventDate "1999.??.??"]
[EventType "tourn (corr)"]
[EventRounds "4"]
[SourceTitle "Corr 2008"]
[Source "ChessBase"]
[SourceDate "2008.06.24"]
[SourceVersion "1"]
[SourceVersionDate "2008.06.24"]
[SourceQuality "1"]

1. d4 Nf6 2. Nf3 g6 3. c4 Bg7 4. Nc3 d5 5. Qb3 c6 6. cxd5 Nxd5 7. e4 Nxc3 8. bxc3 0-0 9. Be2 Nd7 10. 0-0 Nb6 11. Rb1 Be6 12. c4 f5 13. Ng5 Qd7 14. Nxe6 Qxe6 15. c5 Qxb3 16. Rxb3 Na4 17. exf5 Bxd4 18. Bc4+ Kh8 19. fxg6 b5 20. cxb6 Nxb6 21. Bd3 hxg6 22. Bxg6 Rad8 23. Rh3+ Kg8 24. Bh7+ Kf7 25. Re1 Nd5 26. Bg5 Rb8 27. Re2 Rh8 28. Rf3+ Kg7 29. Bd3 e5 30. Rg3 Kf7 31. h4 Ke6 32. Rf3 Rb7 33. Bf5+ Kd6 34. g4 c5 35. Rc2 Rhb8 36. Ra3 Rb1+ 37. Kg2 R8b7 38. h5 R1b2 39. h6 c4 40. h7 e4 41. Rxc4 Rxf2+ 42. Kg3 Rxf5 43. Ra6+ Rb6 44. Rxb6+ axb6 45. gxf5 Be5+ 46. Kh4 Bg7 47. Kh5 e3 48. Kg6 Bh8 49. f6 Nc7 1-0